[Event "SapporoSummer2022"]
[Site "?"]
[Date "2022.07.17"]
[Round "1.1"]
[White "Yoshii, Yukihiko"]
[Black "Nakamura, Mitsuru"]
[Result "1-0"]
[WhiteElo "1686"]
[BlackElo "1355"]
[Annotator "Fritz 11 SE (30s)"]
[PlyCount "111"]
[SourceVersionDate "2022.07.18"]

{[%mdl 8256] E97: King's Indian: Classical Main Line (6...e5 7 0-0 Nc6): 8 Be3
and 8 d5 Ne7, not 9 Ne1} 1. c4 Nf6 2. Nc3 g6 3. d4 Bg7 4. e4 d6 5. Nf3 O-O 6.
Be2 e5 7. O-O Nc6 8. d5 Ne7 9. h3 Nh5 (9... Ne8 10. Bg5 f6 11. Bh4 Kh8 12. Qd2
Ng8 13. b4 Qe7 14. Rab1 h5 15. Bg3 Bh6 16. Qd3 Ng7 17. Bh4 g5 18. Bg3 f5 19. c5
f4 20. Bh2 g4 21. hxg4 hxg4 22. Nd2 Nh5 23. cxd6 cxd6 24. g3 {WoDra (2534)
-McShane (2381) playchess.com INT 2006 0-1 (35)}) (9... a5 10. Be3 Ne8 11. Qd2
f5 12. exf5 gxf5 13. Bh6 f4 14. Bxg7 Nxg7 15. Bd3 Nef5 16. Rfe1 Nh5 17. a3 Bd7
18. b4 Qe7 19. Nb5 Be8 20. Bxf5 Rxf5 21. bxa5 Qg7 22. Kh1 Nf6 23. Rg1 Rh5 24.
Kh2 {Da Silva,H (2219)-Violla Cunha,M (2322) Rio de Janeiro 2015 0-1 (31)}) 10.
Re1 f5 $146 (10... h6 11. b4 Nf4 12. Bxf4 exf4 13. Rc1 a5 14. Qb3 axb4 15. Qxb4
c6 16. Bd1 g5 17. a4 c5 18. Qb1 Ng6 19. Nd2 Re8 20. Nb5 Ne5 21. Nf1 h5 22. Bxh5
Rxa4 23. Nd2 Rb4 24. Qc2 Rb2 25. Qxb2 {Guzenko,A (2235)-Churkin,V (2313) St
Petersburg 2011 0-1 (76)}) (10... Bd7 11. b4 a5 12. Ba3 axb4 13. Bxb4 b6 14. a4
Qc8 15. a5 bxa5 16. Rxa5 Qb7 17. Nb5 f5 {1/2-1/2 (17) Mladenov,P (2259)-Petrov,
M (2425) Plovdiv 2006}) 11. exf5 gxf5 ({Less advisable is} 11... Nxf5 12. Bg5
Bf6 13. Bxf6 Nxf6 14. Bf1 $14) (11... Bxf5 $2 12. g4 $18) {[%tqu "En","","","",
"f3e5","",10]} 12. Nxe5 $1 {Discovered attack: f3, Be2xh5} dxe5 (12... dxe5 13.
Bxh5 {Discovered attack}) (12... Bxe5 13. Bxh5 {Discovered attack}) 13. Bxh5 f4
14. Bg4 (14. b3 e4 15. Bb2 Nf5 16. Rxe4 Nh4 $18) 14... a6 (14... Nf5 15. Bf3
$16) 15. Ne4 $18 Nf5 16. b3 b6 (16... Nd4 17. Bb2 $18) 17. Bb2 (17. Ba3 Rf7 $18
) 17... Qe7 18. Qd2 (18. a4 Rd8 $18) 18... Bb7 (18... Nd4 19. f3 $18) 19. Rad1
Rad8 20. Qe2 Nd6 (20... Rf7 21. Nd2 $18) 21. Be6+ Kh8 22. Nxd6 (22. Nd2 $142
$18 {might be the shorter path}) 22... cxd6 $16 23. Qg4 Rf6 24. Qe2 Rdf8 (24...
Rff8 25. Bg4 Bf6 $16) 25. f3 Rg6 26. Qf2 Qc7 27. Ba3 Bc8 28. Bxc8 Qxc8 29. Kh1
Qc7 30. Re4 Rg8 31. Rg1 b5 (31... Bf6 $16) 32. Rc1 (32. c5 dxc5 33. Qxc5 Qd7
$16) 32... Bf8 (32... Qa5 33. Bb2 Bf6 34. Rg1 Qxa2 35. Qc2 bxc4 36. bxc4 $14)
33. Rg1 Qa5 (33... Bg7 $142 $5 $11 {and Black hangs on}) 34. Bb2 $16 Bg7 (34...
bxc4 35. bxc4 Bg7 36. Ba1 $16) 35. Ba1 (35. c5 Qxa2 36. Qc2 Rc8 $16) 35... bxc4
36. bxc4 Qa3 37. Re2 Qb4 {[%tqu "En","","","","c4c5","",10]} 38. c5 $1 {
Deflection: e5} dxc5 (38... Qxc5 39. Qxc5 dxc5 40. Bxe5 {Overloading Deflection
}) (38... dxc5 39. Bxe5 {Deflection}) 39. Bxe5 $18 Bxe5 40. Rxe5 c4 $2 (40...
Qd4 $142 41. Qxd4 cxd4 $18) 41. Qd4 Qa4 (41... Qb6 42. Qxc4 Rg3 $18) 42. Re4+ (
42. Re7+ R6g7 43. d6 h6 44. d7 Qc2 45. Rxg7 Rxg7 46. d8=Q+ Kh7 47. Q8f6 Qg6 48.
Qxg6+ Kxg6 49. Re1 Rf7 50. Qh8 h5 51. Re6+ Kg5 52. Qd8+ Re7 53. Qxe7+ Kf5 54.
Qf6#) 42... R6g7 43. Qxc4 (43. Rxf4 Qxa2 44. Rg4 Qe2 $18) 43... Qxc4 44. Rxc4
Rf7 (44... Rd8 45. Rd1 Rgd7 46. Rc6 $18) 45. Re1 (45. Rd1 {and White can
already relax} Rd8 46. d6 Kg7 $18) 45... a5 (45... Rd7 46. Re5 Rb7 47. Re2 $18)
46. Re2 (46. Rd1 {and White can already relax} Kg7 $18) 46... Kg7 (46... Rd8
47. Rd2 $18) 47. Ree4 Rgf8 48. d6 (48. Ra4 {makes it even easier for White} Rd7
49. Rxa5 Rf6 $18) 48... Kg6 (48... Rd8 {is not much help} 49. Red4 $18) 49. Rc5
(49. Re6+ {keeps an even firmer grip} Kg7 50. Re7 Kh6 $18) 49... Rf5 (49... Rd7
50. Rd4 Rf6 51. Rcd5 $18) 50. Rxf5 (50. Re6+ {might be the shorter path} R5f6
51. Rxf6+ Kxf6 52. Rxa5 Ke6 $18) 50... Kxf5 51. Re7 h5 (51... h6 {doesn't get
the bull off the ice} 52. Ra7 $18) 52. h4 (52. Ra7 $142 {seems even better} Ke6
53. Rxa5 Kxd6 $18) 52... Ra8 (52... Rf6 $18 {is one last hope}) 53. a4 Kf6 54.
Rb7 Ra6 55. Rb5 Rxd6 56. Rxh5 (56. Rxh5 Kg7 57. Kh2 $18) 1-0

[Event "SapporoSummer2022"]
[Site "?"]
[Date "2022.07.17"]
[Round "1.2"]
[White "Ishii, Hibiki"]
[Black "Nishimori, Toshiyuki	"]
[Result "1-0"]
[WhiteElo "1349"]
[BlackElo "1684"]
[Annotator "Fritz 11 SE (30s)"]
[PlyCount "123"]
[SourceVersionDate "2022.07.18"]

{[%mdl 8192] B33: Sicilian: Pelikan and Sveshnikov Variations} 1. e4 c5 2. Nf3
Nc6 3. Nc3 Nf6 4. d4 cxd4 5. Nxd4 e5 6. Nb3 Bb4 7. f3 O-O $146 (7... d5 8. exd5
(8. Bg5 dxe4 9. Qxd8+ Nxd8 10. Bxf6 Bxc3+ 11. bxc3 gxf6 12. fxe4 Ke7 13. Bd3
Be6 14. Kd2 Rg8 15. g3 Rc8 16. Raf1 Bh3 17. Rf2 Ne6 18. Na5 Nc5 19. c4 b6 20.
Nb3 Nb7 21. a4 Nd6 22. Kc3 Rxc4+ {Karaklajic,M (2200)-Cramling,D (2355) Reggio
Emilia 1979 0-1 (51)}) 8... Nxd5 9. Bd2 Bxc3 (9... Nxc3 10. bxc3 Bd6 11. Bd3
Qh4+ 12. g3 Qh3 13. Qe2 O-O 14. O-O-O a5 15. a4 Be6 16. Be3 Ba3+ 17. Kb1 Rfc8
18. Ka2 Bf8 19. g4 Qh4 20. Bc1 Ne7 21. Qxe5 Nd5 22. Bb2 Be7 23. c4 Bf6 24. Qe4
{Cave,C (2276)-Amir,K (2250) Mallorca 2004 0-1 (71)}) 10. Bxc3 O-O 11. Qd2 Nxc3
12. Qxd8 Rxd8 13. bxc3 Bf5 14. Rc1 Rac8 15. g4 Be6 16. Rd1 Rxd1+ 17. Kxd1 Ne7
18. Kd2 Nd5 19. c4 Nb6 20. Na5 Bxc4 21. Bxc4 Nxc4+ 22. Nxc4 {Puskas,M (2220)
-Bokros,A (2365) Dunajska Streda 1998 0-1 (37)}) (7... d5 8. Bg5 d4 $15) 8. Be3
(8. Bc4 $142 $5 $15 {deserves consideration}) 8... d5 $17 9. exd5 Nxd5 10. Qd2
Nxe3 11. Qxe3 Nd4 {Black threatens to win material: Nd4xc2} (11... Ne7 $142 $17
) 12. O-O-O $11 Nxb3+ 13. cxb3 {White has new doubled pawns: b2+b3.} Qc7 14.
Bc4 Bf5 (14... Bc5 15. Qg5 h6 16. Qh5 $11) 15. g4 {White threatens to win
material: g4xf5} (15. Rhe1 $5 Rad8 16. Nd5 Rxd5 17. Rxd5 Bxe1 18. Qxe5 Qxe5 19.
Rxe5 $14) 15... Bg6 16. h4 Bc5 {Black threatens to win material: Bc5xe3} 17.
Qe2 h6 18. h5 {White threatens to win material: h5xg6} Bh7 19. Rh2 (19. g5 hxg5
20. h6 Rad8 $11) 19... a6 {Covers b5} (19... Rfd8 20. Rhh1 $15) 20. Bd3 $15
Bxd3 21. Rxd3 Bd4 {Black can be proud of that piece} 22. Qc2 (22. Qe4 Rad8 $11)
22... Rac8 23. Rg2 b5 24. b4 $2 (24. Kb1 Rfe8 $15) 24... Qe7 (24... a5 $142 $5
25. Qb3 a4 $17) 25. a3 $15 Qg5+ 26. Qd2 Qxd2+ (26... Qh4 27. g5 hxg5 28. Qxg5
Qxg5+ 29. Rxg5 $15) 27. Rgxd2 (27. Rdxd2 $2 Be3 $19) (27. Kxd2 $6 Rfd8 $11)
27... Rc6 (27... f5 28. Kc2 $15) 28. Kb1 Rfc8 29. Ne2 Bb6 30. Nc3 f6 (30... Bd4
31. Kc2 $11) 31. Nd5 (31. Rd7 Bd4 32. Ne2 Be3 $14) 31... Rc1+ (31... Kf8 $5 $11
) 32. Ka2 $14 Rb8 (32... Bd8 $5 $14 {is an interesting idea}) 33. Nxb6 $16 Rxb6
34. Rd8+ Kf7 35. R2d7+ Ke6 36. Rxg7 Rf1 (36... Rd6 $142 37. Rxd6+ Kxd6 $16) 37.
Rdd7 (37. Re8+ $142 Kd5 38. g5 fxg5 39. Rg6 $18) 37... f5 $4 (37... Rd6 $142 {
saving the game} 38. Rxd6+ Kxd6 $14) 38. Rge7+ (38. Rc7 $142 {and White has
reached his goal} Kd6 39. Rc5 $18) 38... Kf6 39. Rf7+ Kg5 40. Rxf5+ Kh4 41. Re7
(41. Rxe5 $6 Rxf3 42. Rg7 Rf1 $16) 41... Rd6 42. Rexe5 Rdd1 $2 (42... Rf2 43.
Re3 $18) 43. Re2 (43. Rf6 {seems even better} Rd3 $18) 43... Ra1+ (43... Rd6
44. g5 hxg5 45. h6 $18) 44. Kb3 Rad1 45. Rf6 Kg5 46. Rg6+ Kh4 (46... Kf4 {
doesn't get the cat off the tree} 47. Rxh6 Rxf3+ 48. Kc2 $18) 47. Rxh6 (47. Re3
$142 $5 {keeps an even firmer grip} Rd2 48. Ka2 Kg3 49. Rxh6 Rd7 $18) 47...
Rxf3+ 48. Kc2 Rd5 (48... Rd4 {is not the saving move} 49. Rxa6 Rxg4 50. h6 $18)
49. Rg6 Rd4 (49... Rf7 {cannot change destiny} 50. h6 Rd8 51. Kb1 $18) 50. h6
Rxg4 (50... Rd8 {a last effort to resist the inevitable} 51. h7 Rff8 $18) 51.
Rh2+ (51. h7 Rxg6 52. h8=Q+ Kg3 53. Qh2+ Kg4 54. Rg2+ Kf5 55. Qh5+ Kf4 56. Qxg6
Ke5 57. Rg5+ Kf4 58. Rf5+ Ke3 59. Qg1+ Ke4 60. Qg4+ Ke3 61. Rxf3+ Ke2 62. Qe4#)
51... Kg3 52. Rxg4+ Kxh2 53. Rh4+ Kg3 54. h7 Kxh4 55. h8=Q+ Kg3 56. Qg7+ Kf2 (
56... Kf4 {does not help much} 57. Qf6+ Ke4 58. Qc6+ Ke3 59. Qxa6 Rf2+ 60. Kc3
$18) 57. Qg6 Ke2 58. Qxa6 Rf2 (58... Rh3 {does not save the day} 59. Qxb5+ Ke1
60. Qd5 Rh2+ 61. Kc3 Rf2 62. b5 Kf1 63. b6 Rf8 64. Qc6 Ke1 65. Qh1+ Kf2 66.
Qh2+ Kf3 67. b7 Rg8 68. Qd6 Kf2 69. Qd4+ Kg3 70. Qg1+ Kf4 71. Qxg8 Kf5 72. b8=Q
Ke4 73. Qbg3 Kf5 74. Q8g6#) 59. Qxb5+ Ke1+ 60. Kb3 (60. Kc3 Re2 61. Qc5 Kf1 62.
Qc4 Ke1 63. Qh4+ Kf1 64. Qf4+ Ke1 65. b5 Re8 66. b6 Rc8+ 67. Kb4 Ke2 68. Qg4+
Kf1 69. Qxc8 Ke2 70. Qg4+ Kd3 71. b7 Kc2 72. Qe2+ Kc1 73. Kb3 Kb1 74. Qe1#)
60... Kd2 (60... Rf3+ {does not improve anything} 61. Kc4 Rf2 62. Qe5+ Kf1 63.
b5 Rc2+ 64. Qc3 Re2 65. b6 Rh2 66. Qd3+ Kg2 67. Qg6+ Kf1 68. Qf5+ Kg1 69. Qg4+
Rg2 70. Qd4+ Kf1 71. Qd3+ Kf2 72. b7 Rg8 73. Qd5 Rb8 74. Qf5+ Kg2 75. Qg4+ Kf2
76. Qf4+ Kg1 77. Qxb8 Kf1 78. Qf4+ Ke1 79. Kd3 Kd1 80. Qd2#) 61. Qd5+ Kc1 (
61... Ke3 {cannot change what is in store for White} 62. b5 Kf4 63. Qd6+ Kg4
64. b6 Rf3+ 65. Ka2 Rg3 66. b7 Rh3 67. b8=Q Kf3 68. Qf4+ Ke2 69. Qbe5+ Re3 70.
Qexe3+ Kd1 71. Qd2#) 62. Qc5+ (62. Qc5+ Kd2 63. Qxf2+ Kd3 64. Qf4 Ke2 65. Kc3
Ke1 66. Kd3 Kd1 67. Qd2#) 1-0

[Event "SapporoSummer2022"]
[Site "?"]
[Date "2022.07.17"]
[Round "1.3"]
[White "Ogawa, Taishi"]
[Black "Ito, Katsuhide"]
[Result "1-0"]
[WhiteElo "1613"]
[BlackElo "1296"]
[Annotator "Fritz 11 SE (30s)"]
[PlyCount "57"]
[SourceVersionDate "2022.07.18"]

{[%mdl 8192] B33: Sicilian: Pelikan and Sveshnikov Variations} 1. e4 c5 2. Nf3
Nc6 3. d4 cxd4 4. Nxd4 Nf6 5. Nc3 e5 6. Ndb5 d6 7. Bg5 a6 8. Na3 b5 9. Nd5 Be7
10. Bd3 $146 (10. Bxf6) (10. Nxe7 Kxe7 11. Qh5 h6 12. Bxf6+ gxf6 13. c3 Qg8 14.
Qd1 Be6 15. Nc2 Qg6 16. Qf3 f5 17. exf5 Qxf5 18. Qxf5 Bxf5 19. Ne3 Be6 20. g3
d5 21. Bg2 e4 22. f4 f5 23. Bh3 Kf6 24. Rd1 Rhd8 {Bura,R (2183)-Glisic,P (2152)
Belgrade 2013 1/2-1/2 (57)}) (10. Nxf6+ Bxf6 11. c3 O-O 12. Nc2 Rb8 {1/2-1/2 
(12) Mauro,A (2240)-Guerra,U (2340) Forli 1990}) (10. Bxf6 Bxf6 (10... gxf6
$143 11. c4 $16) 11. c4 b4 $11) 10... O-O (10... Nxd5 $142 $5 11. exd5 Bxg5 12.
dxc6 Be6 $17) 11. Nxe7+ $11 Qxe7 12. c3 {Consolidates b4+d4} h6 {Black
threatens to win material: h6xg5} 13. Bd2 $2 (13. Bxf6 $5 {is worth looking at}
Qxf6 14. O-O $11) 13... Rb8 (13... Rd8 14. Qe2 $17) 14. Nc2 Rd8 15. O-O (15.
Ne3 Be6 $17) 15... d5 16. f3 a5 (16... dxe4 17. Bxe4 Nxe4 18. fxe4 $17) 17. Qe2
Qa7+ (17... dxe4 18. Bxe4 Nxe4 19. fxe4 $17) 18. Kh1 (18. Be3 Qb7 19. exd5 Nxd5
20. Rfd1 $11) 18... Ba6 (18... dxe4 $142 19. Bxe4 Nxe4 20. fxe4 Bg4 $17) 19. a4
$14 dxe4 20. fxe4 (20. Bxb5 $142 exf3 21. Rxf3 Bxb5 22. axb5 Rxd2 23. Qxd2 Rxb5
24. Ne3 $14) 20... Rb6 $4 {there were better ways to keep up the pressure} (
20... Qd7 $142 {would allow Black to play on} 21. Rxf6 Qxd3 22. Qxd3 Rxd3 23.
Rxc6 Rxd2 $15) 21. Be3 (21. Rxf6 $142 gxf6 22. Be3 bxa4 23. Bxb6 Qxb6 24. Bxa6
Qxb2 25. Rf1 $18) 21... Nd4 $4 {further deteriorates the position} (21... bxa4
$142 22. Ne1 Bxd3 23. Nxd3 Qc7 $16) 22. cxd4 $18 (22. Bxd4 $6 exd4 23. axb5
dxc3 24. Rxa5 cxb2 25. Rxa6 Qxa6 26. bxa6 b1=Q $18) 22... Rbd6 (22... bxa4 {
praying for a miracle} 23. d5 Bxd3 24. Qxd3 Qa6 25. Qxa6 Rxa6 26. Rxa4 Rb8 $18)
23. dxe5 Qxe3 24. Nxe3 (24. exf6 $6 {is a useless try} Qxd3 25. Qxd3 Rxd3 26.
axb5 Bxb5 27. Rxa5 Rb3 $11) 24... Rxd3 25. exf6 Rd2 26. Qg4 g6 27. Nf5 h5 (
27... R2d6 {doesn't change anything anymore} 28. Nxh6+ Kf8 29. Qh4 Re6 30. Nxf7
Kxf7 31. Qh7+ Ke8 32. Rad1 Rxf6 33. Qh8+ Kf7 34. Rxf6+ Ke7 35. Qxd8#) 28. Qg5
Bc8 (28... Kf8 {doesn't change the outcome of the game} 29. Qh6+ Ke8 30. Ng7+
Kd7 31. Qxd2+ Kc7 32. Rac1+ Kb7 33. Qxd8 bxa4 34. Rc7+ Kb6 35. Qd6+ Kb5 36.
Qc5#) 29. Qh6 (29. Qh6 Bxf5 30. Qg7#) 1-0

[Event "SapporoSummer2022"]
[Site "?"]
[Date "2022.07.17"]
[Round "2.1"]
[White "Aoki, Yasuhiro"]
[Black "Yoshii, Yukihiko"]
[Result "1-0"]
[WhiteElo "1566"]
[BlackElo "1686"]
[Annotator "Fritz 11 SE (30s)"]
[PlyCount "133"]
[SourceVersionDate "2022.07.18"]

{[%mdl 8192] A29: English Opening: Four Knights Variation with 4 g3} 1. c4 e5
2. Nc3 Nf6 3. Nf3 Nc6 4. g3 d6 5. Bg2 Be7 6. O-O O-O 7. d3 h6 (7... Be6 8. Ng5
Nd7 9. Nxe6 fxe6 10. Rb1 Rb8 11. b4 Nd4 12. e3 Nf5 13. Ne2 Bf6 14. d4 exd4 15.
e4 Ne7 16. Nxd4 Bxd4 17. Qxd4 Nc6 18. Qc3 Qf6 19. Qxf6 Rxf6 20. f4 e5 21. Be3
a5 22. Bh3 {Von Herman,U (2416)-Kevorkov,A (2277) Germany 2013 1-0 (45)}) 8.
Rb1 Rb8 $146 (8... Be6 9. Nd2 (9. b4 a6 10. a4 e4 11. dxe4 Bxc4 12. b5 Na5 13.
Nd4 Re8 14. Nf5 Bf8 15. Be3 Be6 16. Nd4 Bc8 17. Qd3 Ng4 18. Bc1 Ne5 19. Qc2
Nac4 20. f4 Nd7 21. Nd5 Ndb6 22. Nxb6 Nxb6 23. Bd2 axb5 {Balduan,M (2289)
-Kujovic,M (2406) Germany 2003 1/2-1/2}) 9... a5 10. Nd5 Nd7 11. Ne4 f5 12.
Nec3 Nc5 13. Be3 Bd7 14. Nxe7+ Qxe7 15. Nd5 Qd8 16. d4 Ne6 17. dxe5 dxe5 18.
Bd2 Be8 19. e3 Qg5 20. f4 Qh5 21. Bc3 Qxd1 22. Rbxd1 Bh5 23. Rd2 {Spulber,C 
(2326)-Posedaru,B (2190) Eforie Nord 2007 1-0 (49)}) (8... a5 9. a3 Be6 10. b4
axb4 11. axb4 e4 12. dxe4 Bxc4 13. b5 Na5 14. Nd4 Nd7 15. Nd5 Bxd5 16. exd5 Bf6
17. Nf5 Nc5 18. Qc2 b6 19. Rb4 Nab7 20. Rg4 Kh8 21. Bb2 Rg8 22. h4 Ra2 23. Bxf6
{Charon Mustelier,M (2167)-Espinosa Escala,R (2251) Havana 2011 1/2-1/2 (33)})
9. b4 a6 {Consolidates b5} 10. a4 Qe8 (10... Be6 11. b5 Nd4 12. Nxd4 exd4 13.
Nd5 Nxd5 14. cxd5 $14) 11. b5 $14 axb5 12. axb5 Nd8 13. b6 (13. Ra1 Ne6 $16)
13... c6 {Prevents intrusion on b5+d5} 14. Qa4 Ne6 15. Qa7 {White threatens to
win material: Qa7xb8} (15. Ra1 Nc5 16. Qb4 e4 17. dxe4 Nfxe4 18. Nxe4 Nxe4 $14)
15... Bd7 $11 16. Qa2 Qc8 (16... Ra8 17. Qb2 $15) 17. Bd2 (17. Qb2 Ra8 $14)
17... Ra8 {Black threatens to win material: Ra8xa2} 18. Qb2 Qb8 19. Ra1 Nc5 20.
Rxa8 Qxa8 21. Ra1 {White threatens to win material: Ra1xa8} Na6 (21... Qb8 22.
Na4 Ne6 23. Nh4 $14) 22. e4 (22. d4 Qb8 $14) 22... Qb8 23. d4 exd4 24. Nxd4 Re8
25. Nd1 (25. e5 $5 dxe5 26. Nxc6 Bxc6 27. Bxc6 $14) 25... Bf8 26. f3 {Covers g4
} Qc8 (26... d5 $5 {should be considered} 27. exd5 cxd5 $11) 27. Ne3 Kh7 (27...
Nc5 28. Nb3 d5 29. cxd5 cxd5 30. exd5 (30. Nxd5 Nxd5 31. Nc1 Na4 32. Rxa4 Bxa4
33. exd5 Qc5+ 34. Kh1 Qf2 $19) 30... Nxb3 31. Qxb3 $11) 28. Bc3 Nh5 29. Rd1 g6
{Secures f5} (29... Nc5 30. Qa3 $14) 30. Ne2 (30. Nb3 Be7 $16) 30... Be6 {
Black has a cramped position} 31. g4 {White threatens to win material: g4xh5}
Ng7 32. Nf4 Nc5 33. Qb1 (33. Be1 h5 34. h3 Qd8 $11) 33... Nd7 (33... Bd7 34.
Bf6 $11) 34. h4 {Black has a cramped position} (34. Bd4 Ne5 $14) 34... Ne5 (
34... Qd8 35. Nfd5 cxd5 36. cxd5 Qxh4 37. dxe6 Nxe6 38. Qb5 $11) 35. h5 {
White gets more space} (35. Qc2 Kg8 $16) 35... g5 {Black threatens to win
material: g5xf4} 36. Ne2 (36. Nxe6 $5 {should be examined more closely} Nxe6
37. Qc2 $14) 36... Nxc4 $15 37. e5+ $2 (37. Nxc4 $142 $5 {and White is still
in the game} Bxc4 38. Ng3 $15) 37... Kg8 $17 38. Nxc4 Bxc4 39. Ng3 dxe5 40. Ne4
(40. Kh1 Bd5 41. Re1 Qb8 $19) 40... Qe6 41. Rd7 Rb8 42. Qa1 (42. Qb2 $142 Bd5
43. Nf6+ Qxf6 44. Bxe5 $19) 42... Ba6 $4 {Black loses the upper hand} (42...
Bd5 $142 {would have given Black the upper hand} 43. Nf6+ Qxf6 44. Bxe5 Qe6 45.
Rxd5 cxd5 (45... Qxd5 $6 46. Bxb8 Qc5+ 47. Kh2 $19) 46. Bxb8 Qxb6+ 47. Kh1 Ne6
$19) 43. Bxe5 $11 Re8 $4 {gives the opponent counterplay} (43... Ne8 44. Rxb7
Rxb7 45. Qxa6 Qxe5 46. Qxb7 Nf6 47. Qxc6 Nxe4 48. Qxe4 Bc5+ 49. Kf1 Qb2 $17)
44. Nf6+ $18 Kh8 45. Qb1 (45. Bc3 $142 {secures victory} Be7 46. Nxe8 Qxd7 47.
Bxg7+ (47. Nxg7 $143 Kh7 $18) 47... Kg8 48. Bxh6 Bc5+ 49. Kh2 $18) 45... Nf5
46. Qxf5 $4 {allows the opponent back into the game} (46. f4 $142 {and White
gets the upper hand} gxf4 47. Qe4 (47. gxf5 {is the less attractive alternative
} Qxe5 48. Rxf7 Bg7 49. Rxg7 Kxg7 (49... Qxf6 $6 50. Rg6 Qc3 51. Kh2 $11) 50.
Nxe8+ Qxe8 $17) 47... Qxe5 48. Rxf7 $18 (48. Nxe8 $6 {is clearly weaker} Qc5+
49. Kh2 Qf2 50. Qxf5 Qg3+ 51. Kh1 Qe1+ 52. Kh2 Qg3+ 53. Kh1 Qe1+ 54. Kh2 Qg3+
$11)) 46... Qxf5 $15 47. gxf5 Rxe5 48. Ng4 $4 {A valuable piece} (48. Bf1 Bxf1
49. Kxf1 Rxf5 $15) 48... Re1+ $4 {overlooking an easy win} (48... Rxf5 $142 {
nails it down} 49. Bf1 Bc5+ 50. Kg2 Rd5 51. Rxd5 Bxf1+ (51... cxd5 $143 52.
Bxa6 bxa6 53. b7 $16) 52. Kxf1 cxd5 53. Nxh6 Kg7 54. Nf5+ Kf6 $19) 49. Kf2 $11
{White threatens to win material: Kf2xe1} Re2+ 50. Kg3 Kg8 $4 (50... Re8 51.
Nf6 Re7 52. Rd8 $11) 51. Nf6+ (51. Rd8 $142 {and White wins} f6 52. Bf1 $18)
51... Kg7 $14 {Black threatens to win material: Kg7xf6} 52. Ne4 Rb2 $2 (52...
Re3 $142 {and Black could well hope to play on} 53. f6+ Kg8 $14) 53. f6+ $18
Kg8 54. Bh3 $4 {hands over the advantage to the opponent} (54. Rd8 $142 {
White would have gained the upper hand} c5 55. Nxc5 $18) 54... Rxb6 $11 55. Nd6
$2 (55. Rd8 $142 {and White is still in the game} c5 56. Nxc5 $11) 55... c5 $19
56. Ne8 $4 {White crumbles in face of a dire situation} (56. Ne4 Rc6 57. Rd8
$19) 56... Rc6 (56... c4 {might be the shorter path} 57. Nc7 Rxf6 58. Nxa6 $19)
57. Bf5 (57. Rd8 $19) 57... b5 (57... c4 $142 $19 {and the result of the game
is clear: Black will win}) 58. Be4 $14 {White threatens to win material: Be4xc6
} Rc8 $4 (58... Re6 59. Bd5 Bc8 60. Bxe6 Bxd7 61. Bxd7 $18) 59. Nd6 (59. Bd5
$142 {and White has prevailed} Kh8 60. Bxf7 $18) 59... Bxd6+ $4 (59... b4 $142
{and Black has air to breath} 60. Nxf7 Bb5 61. Nxh6+ Bxh6 $11) 60. Rxd6 $18 c4
$2 (60... b4 $142 61. Rxa6 Rb8 $18) 61. Rxa6 c3 (61... b4 62. Rb6 b3 63. Bf5
$18) 62. Bc2 b4 (62... Kf8 {is the last straw} 63. Bf5 Rb8 $18) 63. Rb6 Kf8 64.
Rxb4 Ke8 65. Rd4 Rc5 (65... Rb8 {does not win a prize} 66. Ba4+ Kf8 67. Bb3 $18
) 66. Kf2 (66. Ba4+ Rc6 67. Bxc6+ Kf8 68. Rd8#) 66... Rc6 (66... Rc8 $18 {
there is nothing else anyway}) 67. Ba4 (67. Ba4 c2 68. Bxc6+ Kf8 69. Rd8#) 1-0

[Event "SapporoSummer2002"]
[Site "?"]
[Date "2022.07.17"]
[Round "2.3"]
[White "Sugimoto, Koichi"]
[Black "Ishii, Hibiki"]
[Result "1-0"]
[WhiteElo "1941"]
[BlackElo "1349"]
[Annotator "Fritz 11 SE (30s)"]
[PlyCount "83"]
[SourceVersionDate "2022.07.18"]

{[%mdl 8192] E94: King's Indian: Classical: 6 Be2 e5 7 0-0: Various Black 7th
moves} 1. d4 Nf6 2. c4 g6 3. Nc3 Bg7 4. e4 d6 5. Nf3 O-O 6. Be2 e5 7. O-O exd4
8. Nxd4 Nbd7 9. Be3 Qe7 $146 (9... Nc5 10. f3 a5 11. Qd2 c6 (11... Re8 12. Rad1
Bd7 13. Rfe1 a4 14. Bf1 Qb8 15. Ncb5 {1/2-1/2 (15) Gligoric,S (2510)-Ivanovic,
B (2480) Sarajevo 1983}) (11... Ne6 12. Ndb5 Ne8 13. Rad1 b6 14. f4 Bb7 15. Bf3
f5 16. Qc2 Qe7 17. Rde1 Qf6 18. e5 {1-0 (18) Csiszar,C (2340)-Tenyi,J (2200)
Hungary 1994}) (11... Bd7 12. Rad1 Qe8 13. Rfe1 Bc6 14. Bf1 Nfd7 15. Ncb5 Qc8
16. Bh6 Re8 17. Bxg7 Kxg7 18. Nc3 Qd8 19. b3 Qf6 20. Nc2 b6 21. Nd4 Bb7 22. Nd5
Qd8 23. a3 Nf6 24. Qg5 Nxd5 25. Qxd8 Rexd8 26. cxd5 {Robatsch,K (2440)-Ledic,T
(2345) Borovo 1980 1-0 (53)}) 12. Rfd1 Qe7 13. Rab1 Ne8 14. Bf1 Be6 15. b3 Nc7
16. a3 a4 17. b4 Nb3 18. Nxb3 axb3 19. a4 Rfd8 20. Rxb3 d5 21. cxd5 cxd5 22.
exd5 Nxd5 23. Nxd5 Rxd5 24. Rd3 {Schmidt,W (2505)-Todorcevic,M (2453) Vrnjacka
Banja 1978 1/2-1/2 (32)}) (9... c6 10. Nc2 Qe7 11. f3 Rd8 12. Qe1 d5 13. exd5
cxd5 14. cxd5 Nb6 15. d6 Qxd6 16. Nb5 Qe7 17. Qf2 Nfd5 18. Bc5 Qg5 19. Rad1 Be6
20. h4 Qf4 21. g3 Qa4 22. Ncd4 Rac8 23. a3 Bh3 24. b3 {Smith,A (2245)-Motwani,
P (2255) Manchester 1982 1-0 (41)}) 10. f3 {Black's piece can't move: c8} Ne5
11. Qd2 Be6 12. Nd5 Bxd5 13. cxd5 c5 14. dxc6 Nxc6 15. Rac1 Nxd4 16. Bxd4 ({Not
} 16. Qxd4 Ng4 17. Qd2 Nxe3 18. Qxe3 Bxb2 $15) 16... a6 17. Rfd1 Rac8 18. Bc3
Rfd8 19. Ba5 Re8 20. Rxc8 Rxc8 21. Qxd6 Qxd6 22. Rxd6 Rc1+ (22... Nh5 $5 $16)
23. Kf2 $18 Rc8 24. Rd8+ (24. g3 $5 Ne8 25. Rd2 Rc5 $18) 24... Rxd8 $16 25.
Bxd8 Nd7 26. b3 Bd4+ 27. Ke1 Kf8 28. Kd2 f6 29. Bc4 (29. Ba5 Ke7 $18) 29... Ke8
(29... Be5 $5 $16) 30. Bc7 Be5 (30... Ke7 31. Ba5 $18) 31. Bxe5 Nxe5 (31...
fxe5 32. Bd5 $18) 32. Bd5 b6 (32... g5 33. Bxb7 a5 34. Ke3 $18) 33. f4 Nd7 (
33... Ng4 {there is nothing better in the position} 34. h3 Nh6 $18) 34. Bc6 Ke7
35. Bxd7 Kxd7 36. Kd3 Kd6 37. Kd4 h5 (37... Ke6 $18 {the last chance for
counterplay}) 38. h4 a5 39. a4 Kc6 40. e5 fxe5+ 41. fxe5 Kd7 42. Kd5 (42. Kd5
Ke7 43. e6 $18) 1-0